Wird geladen...

Encyclopedia of Islamic Civilisation and Religion /

Bibliographische Detailangaben
Format: Printed Book
Sprache:English
Veröffentlicht: New York: Routledge, 2010.
Schlagworte:
LEADER 00539cam a2200169ua 4500
008 131210t2010||||||||||| 00 ||eng c
020 |a 9780415560252 
041 0 |a eng 
082 |a 297.03  |b ENC 
245 1 0 |a Encyclopedia of Islamic Civilisation and Religion /  
260 |a New York:  |b Routledge,  |c 2010. 
300 |a 846. 
362 1 |a 2010. 
650 |a Islam- Religion- Encyclopaedia 
942 |c BK 
999 |c 29715  |d 29715 
952 |0 0  |1 0  |4 0  |6 297_030000000000000_EN  |7 0  |9 31522  |a KUCL  |b KUCL  |d 2014-05-23  |l 0  |o 297.03 EN  |p 31130  |r 2017-03-10  |w 2014-05-23  |y BK